The truth about bats / (Record no. 2221)

MARC details
000 -LEADER
fixed length control field 00978nam a22002777a 4500
001 - CONTROL NUMBER
control field 2221
003 - CONTROL NUMBER IDENTIFIER
control field FISKH
005 - DATE AND TIME OF LATEST TRANSACTION
control field 20250826104432.0
008 - FIXED-LENGTH DATA ELEMENTS--GENERAL INFORMATION
fixed length control field 231110b cb ||||| |||| 00| 0 eng d
020 ## - INTERNATIONAL STANDARD BOOK NUMBER
International Standard Book Number 9780439107983
040 ## - CATALOGING SOURCE
Original cataloging agency FISKH
Language of cataloging eng
Transcribing agency FISKH
Modifying agency FISKH
050 ## - LIBRARY OF CONGRESS CALL NUMBER
Classification number 813.54
082 ## - DEWEY DECIMAL CLASSIFICATION NUMBER
Classification number QL737.C5
100 ## - MAIN ENTRY--PERSONAL NAME
Personal name Cole, Joanna
245 ## - TITLE STATEMENT
Title The truth about bats /
Remainder of title Chapter book
260 ## - PUBLICATION, DISTRIBUTION, ETC.
Place of publication, distribution, etc. New York :
Name of publisher, distributor, etc. Scholastic,
Date of publication, distribution, etc. 1999.
300 ## - PHYSICAL DESCRIPTION
Extent 70 pages :
Other physical details illustrations ;
Dimensions 20 cm
490 ## - SERIES STATEMENT
Series statement The magic school bus
Volume/sequential designation Book 1
505 ## - FORMATTED CONTENTS NOTE
Formatted contents note O<br/>
520 ## - SUMMARY, ETC.
Summary, etc. The Magic School Bus takes Ms. Frizzle and her class on a trip around the United States looking for bats. During the trip the class learns many amazing facts about bats, including what they eat, where they live, how echolocation works, and more.
521 8# - TARGET AUDIENCE NOTE
Target audience note 600<br/>
Source Lexile<br/>
521 8# - TARGET AUDIENCE NOTE
Target audience note O<br/>
Source Raz-Plus<br/>
650 ## - SUBJECT ADDED ENTRY--TOPICAL TERM
Topical term or geographic name entry element Bats
Form subdivision Juvenile literature
700 ## - ADDED ENTRY--PERSONAL NAME
Personal name Degen Bruce
Relator term illustrator
942 ## - ADDED ENTRY ELEMENTS (KOHA)
Source of classification or shelving scheme Dewey Decimal Classification
Koha item type Books
Suppress in OPAC No
Holdings
Withdrawn status Lost status Source of classification or shelving scheme Damaged status Not for loan Collection Home library Current library Shelving location Date acquired Total Checkouts Full call number Barcode Date last seen Price effective from Koha item type Copy number Date last checked out
    Dewey Decimal Classification     Non-Fiction Footprints International School Library Network Toul Kork Campus Footprints International School Library Network Toul Kork Campus TK Primary Library Room(4th Floor), Bookcase 3&4, Shelves 17-32, Yellow Books 11/10/2023   COL 813.54 QL737.C5 FISTK01899 11/10/2023 11/10/2023 Books    
    Dewey Decimal Classification     Non-Fiction Footprints International School Library Network Toul Tom Poung Campus Footprints International School Library Network Toul Tom Poung Campus TTP Primary Yellow Bookshelves 02/13/2025   COL 813.54 QL737.C5 2025-0563 02/13/2025 02/13/2025 Books 2  
    Dewey Decimal Classification     Non-Fiction Footprints International School Library Network Toul Tom Poung Campus Footprints International School Library Network Toul Tom Poung Campus TTP Primary Yellow Bookshelves 02/13/2025   COL 813.54 QL737.C5 2025-0564 02/13/2025 02/13/2025 Books 3  
    Dewey Decimal Classification     Non-Fiction Footprints International School Library Network Toul Tom Poung Campus Footprints International School Library Network Toul Tom Poung Campus TTP Primary Yellow Bookshelves 02/13/2025 1 COL 813.54 QL737.C5 2025-0565 10/09/2025 02/13/2025 Books 4 08/08/2025
    Dewey Decimal Classification     Non-Fiction Footprints International School Library Network Toul Tom Poung Campus Footprints International School Library Network Toul Tom Poung Campus TTP Primary Yellow Bookshelves 08/26/2025   COL 813.54 QL737.C5 FIS00063 08/26/2025 08/26/2025 Books 5